000 00335nam a2200133Ia 4500
008 100328s9999 xx 000 0 und d
082 _b29371
100 _aआपटे ह.ना.
245 _aमी
260 _bसिर्व्हडीया प्रकाशन
630 _aमी
730 _aमी
942 _cBOOK
999 _c520405
_d520402